000 00440nab a2200145Ia 4500
003 ES-SlBCS
005 20210601130447.0
008 140529s1957 xxu||||| |||| 00| 0 fre d
041 _afre
100 1 _aLenoble, Robert
_9173273
245 0 0 _aLa prise de conscience de la temporalité
_c Robert Lenoble
650 0 4 _aTemporalidad
_9156148
773 0 _tGiornali di Metafisica
_gvol. 12, nº. 4, 1957, págs. 413-433
_w0017-0372
942 _cAR
999 _c547070
_d547070